Подробности
| 000 -МАРКЕР |
| контрольное поле |
03106nam0a2200445 4500 |
| 001 - ИДЕНТИФИКАТОР ЗАПИСИ |
| контрольное поле |
RU\NLR\BIBL_A\010409935 |
| 005 - ИДЕНТИФИКАТОР ВЕРСИИ |
| контрольное поле |
20260408191513.0 |
| 010 ## - МЕЖДУНАРОДНЫЙ СТАНДАРТНЫЙ НОМЕР КНИГИ (ISBN) |
| Номер (ISBN) |
978-5-9530-0378-0 |
| Тираж |
130 |
| 021 ## - НОМЕР ГОСУДАРСТВЕННОЙ РЕГИСТРАЦИИ |
| Код страны |
российская федерация |
| Номер |
2014-34935 |
| Номер Листа государственной регистраци |
2129 |
| 035 ## - ДРУГИЕ СИСТЕМНЫЕ НОМЕРА |
| Идентификатор записи |
(NLR Aleph) 010409935 |
| 035 ## - ДРУГИЕ СИСТЕМНЫЕ НОМЕРА |
| Идентификатор записи |
(NILC)RuMoRGB-007496621 |
| 100 ## - ДАННЫЕ ОБЩЕЙ ОБРАБОТКИ |
| Данные общей обработки |
20140627d2014 k y0rusy50 ca |
| 101 0# - ЯЗЫК РЕСУРСА |
| Язык текста, звукозаписи и т.д. |
английский |
| Язык резюме |
русский |
| 102 ## - СТРАНА ПУБЛИКАЦИИ ИЛИ ПРОИЗВОДСТВА |
| Страна публикации |
российская федерация |
| 105 ## - ПОЛЕ КОДИРОВАННЫХ ДАННЫХ: ТЕКСТОВЫЕ МАТЕРИАЛЫ, МОНОГРАФИЧЕСКИЕ |
| Кодированные данные о монографическом текстовом документе |
a z 100yy |
| 200 1# - ЗАГЛАВИЕ И СВЕДЕНИЯ ОБ ОТВЕТСТВЕННОСТИ |
| Основное заглавие |
Fundamental interactions & neutrons, nuclear structute, ultracold neutrons, related topics |
| Сведения, относящиеся к заглавию |
proceedings of the seminar |
| Первые сведения об ответственности |
XXI Intern. seminar on interaction of neutrons with nuclei [ISINN-21], Alushta, Ukraine, May 20-25, 2013 |
| 210 ## - ПУБЛИКАЦИЯ, РАСПРОСТРАНЕНИЕ И ДР. |
| Место издания, распространения и т.д. |
Dubna |
| Имя издателя, распространителя и т. д. |
Joint inst. for nuclear research |
| Дата издания, распространения и т.д. |
2014 |
| 215 ## - ФИЗИЧЕСКАЯ ХАРАКТЕРИСТИКА |
| Специфическое обозначение материала и объем |
341 с. |
| Другие сведения о физической характеристике |
ил. |
| Размеры |
22 |
| 300 ## - ОБЩИЕ ПРИМЕЧАНИЯ |
| Текст примечания |
Загл. обл.: Neutron spectroscopy, nuclear structure, related topics : ISINN-21 |
| 300 ## - ОБЩИЕ ПРИМЕЧАНИЯ |
| Текст примечания |
В надзаг.: Joint inst. for nuclear research |
| 300 ## - ОБЩИЕ ПРИМЕЧАНИЯ |
| Текст примечания |
Рез. на рус. яз. |
| 313 ## - ПРИМЕЧАНИЯ, ОТНОСЯЩИЕСЯ К ТЕМАТИЧЕСКОМУ ДОСТУПУ |
| Текст примечания |
Пред. конф. 2013г. |
| 320 ## - ПРИМЕЧАНИЯ О НАЛИЧИИ В ДОКУМЕНТЕ БИБЛИОГРАФИИ / УКАЗАТЕЛЯ |
| Текст примечания |
Библиогр. в конце докл. |
| 327 0# - ПРИМЕЧАНИЯ О СОДЕРЖАНИИ |
| Текст примечания |
Real and apparent enhancements of the fundamental symmetry breaking effects |
| -- |
Scattering of scalar waves on a single crystalline plane |
| -- |
Goos-Hanchen effect in neutron optics |
| -- |
New UCN experiment for the test of the equivalence principle for free neutrons |
| -- |
Perspectives of the study of collinear cluster tri-partition of heavy nuclei |
| -- |
Neutron sources for neutrino factory on the base of lithium converter |
| -- |
AURA setup testing at the IREN neutron beam |
| -- |
Position sensitive ionization chamber |
| -- |
Muon beams for environmental analysis: determining both element contents and subsoil redox conditions over soccer-playground-size areas |
| -- |
EDXRF determination of trace element contents in benign prostatic hypertrophic tissue |
| 512 1# - ЗАГЛАВИЕ ОБЛОЖКИ |
| Заглавие обложки |
Neutron spectroscopy, nuclear structure, related topics : ISINN-21 |
| 517 1# - ДРУГИЕ ВАРИАНТЫ ЗАГЛАВИЯ |
| Вариант заглавия |
В вып. дан.: Фундаментальные взаимодействия и нейтроны, структура ядра, ультрахолодные нейтроны, связанные темы ; труды семинара |
| 541 1# - ПЕРЕВОД ЗАГЛАВИЯ, СДЕЛАННЫЙ КАТАЛОГИЗАТОРОМ |
| Заглавие |
Фундаментальные взаимодействия и нейтроны, структура ядра, ультрахолодные нейтроны, связанные темы |
| Язык заглавия |
русский |
| 606 1# - НАИМЕНОВАНИЕ ТЕМЫ КАК ПРЕДМЕТ |
| Наименование темы |
Ультрахолодные нейтроны |
| Формальный подзаголовок |
Тезисы докладов |
| Системный номер авторитетной/нормативной записи |
2157966 |
| Идентификатор авторитетной/нормативной записи |
RU\NLR\AUTH\661298953 |
| 606 1# - НАИМЕНОВАНИЕ ТЕМЫ КАК ПРЕДМЕТ |
| Наименование темы |
Атомное ядро |
| Формальный подзаголовок |
Тезисы докладов |
| Тематический подзаголовок |
Строение |
| Системный номер авторитетной/нормативной записи |
1052117 |
| Идентификатор авторитетной/нормативной записи |
RU\NLR\AUTH\6688766 |
| 606 ## - НАИМЕНОВАНИЕ ТЕМЫ КАК ПРЕДМЕТ |
| Наименование темы |
Взаимодействия (физ.) фундаментальные |
| Формальный подзаголовок |
Тезисы докладов |
| Идентификатор авторитетной/нормативной записи |
RU\NLR\AUTH\661273370 |
| Системный номер авторитетной/нормативной записи |
2106363 |
| 686 1# - ИНДЕКСЫ ДРУГИХ КЛАССИФИКАЦИЙ |
| Индекс |
В383.4я431(0) |
| 686 1# - ИНДЕКСЫ ДРУГИХ КЛАССИФИКАЦИЙ |
| Индекс |
В382.292.112я431(0) |
| 686 1# - ИНДЕКСЫ ДРУГИХ КЛАССИФИКАЦИЙ |
| Индекс |
В382.3я431(0) |
| 711 12 - НАИМЕНОВАНИЕ ОРГАНИЗАЦИИ - АЛЬТЕРНАТИВНАЯ ОТВЕТСТВЕННОСТЬ |
| Материалы, к которым относится поле |
eng |
| Начальный элемент ввода |
International seminar on interaction of neutrons with nuclei |
| Порядковый номер временной организации и / или порядковый номер ее части |
21 |
| Дата проведения временной организации |
2013 |
| Место проведения временной организации |
Alushta |
| Графика поля |
Латинская |
| Идентификатор авторитетной/нормативной записи |
RU\NLR\AUTH\880359389 |
| Системный номер авторитетной/нормативной записи |
386063 |
| 801 #0 - ИСТОЧНИК ЗАПИСИ |
| Страна |
российская федерация |
| Организация |
РГБ |
| Дата составления |
20140523 |
| Правила каталогизации |
RCR |
| 942 ## - ДОПОЛНИТЕЛЬНЫЕ ЭЛЕМЕНТЫ ЗАПИСИ (АБИС) |
| Тип экземпляра АБИС |
Книга |
| 980 ## - КОЛЛЕКЦИЯ |
| Название коллекции |
Национальная библиография |